[Event "Saint Louis Masters 2026"]
[Site "Saint Louis USA"]
[Date "2026.02.28"]
[Round "8.13"]
[White "Kacharava, Nikolozi"]
[Black "Bharath, Subramaniyam H"]
[Result "0-1"]
[WhiteTitle "GM"]
[BlackTitle "GM"]
[WhiteElo "2501"]
[BlackElo "2595"]
[WhiteFideId "13611860"]
[BlackFideId "46634827"]
[EventDate "2026.02.25"]

1. e4 c5 2. Nf3 Nc6 3. Bb5 g6 4. Bxc6 dxc6 5. d3 Bg7 6. h3 b6 7. O-O Nf6 8. Nc3
Nd7 9. Be3 e5 10. Qd2 Nf8 11. Bh6 Bf6 12. Nh2 Ne6 13. Ng4 g5 14. h4 gxh4 15. f4
Rg8 16. Nxf6+ Qxf6 17. fxe5 Qxe5 18. Qf2 Qh5 19. e5 Bd7 20. Qf6 Qg6 21. Qxg6
Rxg6 22. Ne4 Ke7 23. Bd2 Rag8 24. Rf2 R8g7 25. Kh2 Nd4 26. Raf1 Be6 27. c3 Nf5
28. Rxf5 Rxg2+ 29. Kh1 Bxf5 30. Rxf5 Rg1+ 31. Kh2 R7g2+ 32. Kh3 Rg6 33. Bg5+ Ke6
34. Rf6+ Rxf6 35. Bxf6 Rh1+ 36. Kg2 Rd1 37. Ng5+ Kf5 38. Nxf7 Rxd3 39. Bxh4 Rd2+
40. Kf3 Rxb2 41. Nd6+ Ke6 42. Bf6 Rxa2 43. Ne8 a5 44. Ng7+ Kf7 45. Nh5 a4 46.
Nf4 Ra1 47. Bh4 Rf1+ 48. Ke4 Rxf4+ 49. Kxf4 a3 50. Kf5 a2 0-1

[Event "Saint Louis Masters 2026"]
[Site "Saint Louis USA"]
[Date "2026.02.28"]
[Round "8.14"]
[White "Atanasov, Anthony"]
[Black "Fier, Alexandr"]
[Result "1-0"]
[WhiteTitle "IM"]
[BlackTitle "GM"]
[WhiteElo "2441"]
[BlackElo "2572"]
[WhiteFideId "2623897"]
[BlackFideId "2107139"]
[EventDate "2026.02.25"]

1. d4 Nf6 2. Bf4 g6 3. Nd2 Bg7 4. e4 O-O 5. c3 d6 6. Ngf3 c5 7. dxc5 dxc5 8. h3
Nc6 9. Bc4 Nd7 10. O-O Nb6 11. Be2 e5 12. Be3 Qe7 13. a4 Na5 14. Qb1 Rd8 15. Rc1
c4 16. Bxb6 axb6 17. Nxc4 Nb3 18. Nxb6 Rb8 19. Bc4 Nxa1 20. a5 Be6 21. Qxa1 Bxc4
22. Nxc4 Rd3 23. Qb1 Rbd8 24. Qc2 Bh6 25. Ra1 Qc5 26. b3 f5 27. Nd4 R8xd4 28.
cxd4 Qxd4 29. Re1 fxe4 30. Nxe5 Rc3 31. Qxe4 Qxe4 32. Rxe4 Rxb3 33. Nc4 Bf8 34.
Kh2 Bc5 35. f3 Rc3 36. h4 Kg7 37. Kh3 h5 38. Nd2 Rc1 39. Ra4 Bf2 40. g3 Rc2 41.
Ne4 Bg1 42. g4 Rh2+ 43. Kg3 Rb2 44. gxh5 gxh5 45. Kf4 Bh2+ 46. Kf5 Rb3 47. Ng5
Rb5+ 48. Ke6 Bc7 49. a6 bxa6 50. Rxa6 Bg3 51. Ra4 Kg6 52. Nh3 Re5+ 53. Kd7 Rf5
54. f4 Bxh4 55. Ke6 Bf6 56. Ra2 Rb5 57. Rg2+ Kh6 58. Kxf6 Rb6+ 59. Kf5 Rb5+ 60.
Kf6 Rb6+ 61. Kf5 Rb5+ 62. Ke4 Rb4+ 63. Ke5 Rb5+ 64. Ke4 Rb4+ 65. Kd5 Rb3 66. Ng5
h4 67. Nf7+ Kh7 68. Rg4 h3 69. Ke6 Rb4 70. Ng5+ Kh6 71. Rh4+ Kg7 72. Kf5 1-0

[Event "Saint Louis Masters 2026"]
[Site "Saint Louis USA"]
[Date "2026.02.28"]
[Round "8.15"]
[White "Can, Isik"]
[Black "Mardov, Dimitar"]
[Result "1-0"]
[WhiteTitle "GM"]
[BlackTitle "IM"]
[WhiteElo "2562"]
[BlackElo "2504"]
[WhiteFideId "6383742"]
[BlackFideId "30919495"]
[EventDate "2026.02.25"]

1. e4 e5 2. Nf3 Nc6 3. Bb5 a6 4. Bxc6 dxc6 5. O-O Qf6 6. d4 exd4 7. Bg5 Qd6 8.
Nxd4 Be7 9. Bxe7 Nxe7 10. Nc3 Bd7 11. Nb3 O-O-O 12. Qh5 Ng6 13. Rad1 Qf6 14. Nc5
Nf4 15. Nxd7 Rxd7 16. Qf3 Rhd8 17. g3 Nh3+ 18. Kg2 Qxf3+ 19. Kxf3 Rd2 20. Rc1
Ng5+ 21. Ke3 Ne6 22. Rfd1 R2d4 23. Rxd4 Nxd4 24. f4 f6 25. g4 c5 26. h4 Kd7 27.
Rd1 Ke6 28. Rd2 h5 29. f5+ Ke5 30. gxh5 Nc6 31. Nd5 Rd7 32. Nxf6 Rxd2 33. Ng4+
Kd6 34. Kxd2 Nd4 35. c3 Nf3+ 36. Ke2 Nxh4 37. Kf2 1-0

[Event "Saint Louis Masters 2026"]
[Site "Saint Louis USA"]
[Date "2026.02.28"]
[Round "8.17"]
[White "Hardaway, Brewington"]
[Black "Mikaelyan, Arman"]
[Result "1/2-1/2"]
[WhiteTitle "GM"]
[BlackTitle "GM"]
[WhiteElo "2544"]
[BlackElo "2494"]
[WhiteFideId "30941849"]
[BlackFideId "13304852"]
[EventDate "2026.02.25"]

1. e4 c5 2. Nf3 g6 3. c3 d5 4. e5 Bg4 5. Bb5+ Nc6 6. Bxc6+ bxc6 7. d4 cxd4 8.
cxd4 Qa5+ 9. Nbd2 Qb5 10. h3 Bf5 11. Qb3 a5 12. Qxb5 cxb5 13. Nf1 e6 14. Ke2 Ne7
15. Ng3 h6 16. Bd2 Kd7 17. Rac1 Nc6 18. Nxf5 gxf5 19. g4 fxg4 20. hxg4 Rg8 21.
Rcg1 Rg6 22. Nh4 Rg8 23. Nf3 Rg6 24. Nh4 Rg8 1/2-1/2

[Event "Saint Louis Masters 2026"]
[Site "Saint Louis USA"]
[Date "2026.02.28"]
[Round "8.18"]
[White "Harsha, Bharathakoti"]
[Black "Shlyakhtenko, Robert"]
[Result "1/2-1/2"]
[WhiteTitle "GM"]
[BlackTitle "IM"]
[WhiteElo "2538"]
[BlackElo "2453"]
[WhiteFideId "5078776"]
[BlackFideId "30936934"]
[EventDate "2026.02.25"]

1. e4 c5 2. Nf3 Nc6 3. Bc4 e6 4. O-O d5 5. Bb5 Nf6 6. e5 Nd7 7. c4 Be7 8. Bxc6
bxc6 9. d3 O-O 10. Qe2 f6 11. exf6 Bxf6 12. Qxe6+ Kh8 13. Qxc6 Rb8 14. Nbd2 dxc4
15. Nxc4 Bb7 16. Qe6 Bxf3 17. gxf3 Bd4 18. Be3 Rxf3 19. Bxd4 cxd4 20. Qd5 Rf6
21. Rae1 Qf8 22. f4 Rg6+ 23. Kh1 Nb6 24. Nxb6 Rgxb6 25. b3 Rd8 26. Qe5 Rf6 27.
Re4 Rc8 28. Qxd4 Rd6 29. Qe3 Rdd8 30. f5 Qd6 31. Re6 Qd5+ 32. Qf3 Qxf3+ 33. Rxf3
Rc2 34. Rfe3 Kg8 35. Re2 Rxe2 36. Rxe2 Rxd3 37. Rc2 a5 38. Kg2 Kf7 39. Rf2 Kf6
40. Kf1 Re3 41. Rf4 Kg5 42. Rf2 Kf6 43. Rf4 Kg5 44. Rf2 1/2-1/2

[Event "Saint Louis Masters 2026"]
[Site "Saint Louis USA"]
[Date "2026.02.28"]
[Round "8.19"]
[White "Dudin, Gleb"]
[Black "Lu, Maximillian"]
[Result "0-1"]
[WhiteTitle "GM"]
[BlackTitle "IM"]
[WhiteElo "2596"]
[BlackElo "2424"]
[WhiteFideId "34184934"]
[BlackFideId "2096242"]
[EventDate "2026.02.25"]

1. c4 e5 2. g3 Nf6 3. Bg2 c6 4. d4 e4 5. a3 d5 6. Nc3 h6 7. f3 exf3 8. Nxf3 Be6
9. O-O Nbd7 10. cxd5 cxd5 11. Qb3 Bd6 12. Nb5 Bb8 13. Bf4 O-O 14. Nc3 Ne4 15.
Rac1 Bxf4 16. gxf4 Ndf6 17. Qb4 a5 18. Qa4 Ng4 19. Nxe4 dxe4 20. Ne5 b5 21. Qd1
Ne3 22. Qd2 Nxf1 23. Rxf1 Bf5 24. d5 Qb6+ 25. e3 Rfd8 26. Rd1 Rac8 27. d6 Qc5
28. Bf1 f6 29. b4 axb4 30. axb4 Qa7 31. d7 Rc7 32. Qd5+ Kh7 33. Nf7 Qxe3+ 34.
Kh1 Bg4 0-1

[Event "Saint Louis Masters 2026"]
[Site "Saint Louis USA"]
[Date "2026.02.28"]
[Round "8.20"]
[White "Wang, Tianqi"]
[Black "Kadric, Denis"]
[Result "0-1"]
[WhiteTitle "IM"]
[BlackTitle "GM"]
[WhiteElo "2331"]
[BlackElo "2540"]
[WhiteFideId "2063824"]
[BlackFideId "14403803"]
[EventDate "2026.02.25"]

1. b3 d6 2. Bb2 e5 3. e4 Nf6 4. Nc3 Be7 5. Nf3 c5 6. h3 O-O 7. Bc4 a6 8. a4 Nc6
9. d3 Na5 10. Nd2 Ne8 11. O-O Bg5 12. Bd5 Nc7 13. Nc4 Nxd5 14. Nxd5 Nxc4 15.
bxc4 f5 16. exf5 Bxf5 17. f4 exf4 18. Nxf4 Bf6 19. Bxf6 Qxf6 20. Rb1 Bd7 21. Nd5
Qg5 22. Rf3 Bc6 23. Rxf8+ Rxf8 24. Qg4 Qxg4 25. hxg4 Bxa4 26. Rxb7 Bxc2 27. Ne7+
Kh8 28. Nf5 Bxd3 29. Nxd6 h6 30. Rc7 Ra8 31. Rxc5 a5 32. Rd5 Be2 33. c5 a4 34.
Rd2 Bxg4 35. c6 Ra6 36. Nb5 Rxc6 37. Rd8+ Kh7 38. Ra8 Bd1 39. Ra7 h5 40. Nd4 Rf6
41. Nb5 Rf4 42. Nd6 Bb3 0-1

[Event "Saint Louis Masters 2026"]
[Site "Saint Louis USA"]
[Date "2026.02.28"]
[Round "8.21"]
[White "Celik, Hasan Huseyin"]
[Black "Park, Evan"]
[Result "1/2-1/2"]
[WhiteTitle "IM"]
[BlackTitle "IM"]
[WhiteElo "2495"]
[BlackElo "2419"]
[WhiteFideId "44506759"]
[BlackFideId "30931142"]
[EventDate "2026.02.25"]

1. e4 e5 2. Nf3 Nc6 3. Bb5 Nf6 4. d3 d6 5. O-O a6 6. Bxc6+ bxc6 7. Re1 c5 8. c3
Be7 9. d4 cxd4 10. cxd4 exd4 11. Nxd4 Bd7 12. Nc3 O-O 13. h3 Re8 14. Qf3 h6 15.
Bf4 c5 16. Nc2 Bc6 17. Ne3 Qd7 18. Rad1 Bf8 19. Nc4 Qe6 20. Nxd6 Red8 21. Qe3
Bxd6 22. Bxd6 Rxd6 23. Rxd6 Qxd6 24. e5 Qd4 25. exf6 Re8 26. Qc1 Rxe1+ 27. Qxe1
Qxf6 28. Qe3 Qg6 29. f3 Qc2 30. b3 Qf5 31. Kf2 Qc2+ 32. Kf1 Qf5 33. Ke1 a5 34.
Kd1 a4 35. bxa4 Bxa4+ 36. Ke1 Bc6 37. Kf2 Bd7 38. Kg1 Bc6 39. Kh1 g5 40. a4 h5
41. Kg1 g4 42. fxg4 hxg4 43. Qg3 Kh7 44. Qxg4 Qxg4 45. hxg4 Kg6 46. Kf2 Kg5 47.
Kg3 c4 48. a5 Bb7 49. Nb5 Bc6 50. Nc3 Bb7 51. Nb1 f6 52. Nc3 f5 53. gxf5 Kxf5
54. Kf2 Ke5 55. Ne2 Bxg2 56. Kxg2 Kd5 57. Kf3 Kc6 58. Nd4+ Kb7 59. Ke4 Ka6 60.
Kd5 Kxa5 1/2-1/2

[Event "Saint Louis Masters 2026"]
[Site "Saint Louis USA"]
[Date "2026.02.28"]
[Round "8.22"]
[White "Bilovil, Bogdan"]
[Black "Pyrih, Roman"]
[Result "1-0"]
[WhiteTitle "IM"]
[BlackTitle "IM"]
[WhiteElo "2446"]
[BlackElo "2403"]
[WhiteFideId "14168766"]
[BlackFideId "14179156"]
[EventDate "2026.02.25"]

1. e4 e5 2. d4 d6 3. Nf3 Nd7 4. Bc4 Be7 5. dxe5 Nxe5 6. Nxe5 dxe5 7. Qh5 g6 8.
Qxe5 Nf6 9. Bh6 Qd6 10. Qxd6 cxd6 11. Nc3 Be6 12. Bb3 O-O-O 13. Rd1 Ng4 14. Bg7
Rhe8 15. Bd4 Bxb3 16. axb3 d5 17. Nxd5 Bb4+ 18. Kf1 Rxe4 19. c4 a5 20. f3 Ne3+
21. Ke2 Nxd5+ 22. fxe4 Nf4+ 23. Kf3 Ne6 24. Bc3 Re8 25. Bxb4 axb4 26. Rd5 Kc7
27. Ra1 Kc6 28. Raa5 f6 29. h4 Nc7 30. Rd1 Re7 31. Ra4 Na6 32. Rd8 Kc7 33. Rf8
Nc5 34. Raa8 Nxe4 35. Rac8+ Kb6 36. Rce8 Nd2+ 37. Kf4 Rxe8 38. Rxe8 Nxb3 39. Ke4
Kc5 40. Rc8+ Kd6 41. Rd8+ Kc5 42. Kd3 Nc1+ 43. Ke3 Nb3 44. Rc8+ Kd6 45. Rh8 Kc5
46. Rxh7 Kxc4 47. Rxb7 Na5 48. Ra7 Nc6 49. Rc7 Kd5 50. Rxc6 1-0

[Event "Saint Louis Masters 2026"]
[Site "Saint Louis USA"]
[Date "2026.02.28"]
[Round "8.23"]
[White "Tiglon, Bryce"]
[Black "Bilych, Oleksii"]
[Result "1-0"]
[WhiteTitle "GM"]
[BlackTitle "IM"]
[WhiteElo "2550"]
[BlackElo "2450"]
[WhiteFideId "2087456"]
[BlackFideId "14156504"]
[EventDate "2026.02.25"]

1. e4 e5 2. Nf3 Nc6 3. Bb5 a6 4. Ba4 Nf6 5. O-O Be7 6. Re1 b5 7. Bb3 d6 8. c3
O-O 9. h3 Nb8 10. d4 Nbd7 11. Nbd2 Bb7 12. Bc2 Re8 13. Nf1 Bf8 14. Ng3 a5 15.
Bd2 a4 16. Bd3 c6 17. Qc2 Qc7 18. Rad1 h6 19. Be3 Nb6 20. b3 axb3 21. axb3 Nbd7
22. b4 Nb6 23. dxe5 dxe5 24. Nd2 Bc8 25. Rb1 Be6 26. c4 bxc4 27. Nxc4 Nxc4 28.
Bxc4 Qb7 29. Rec1 Ra3 30. Bc5 Bxc5 31. bxc5 Qe7 32. Bxe6 Qxe6 33. Rd1 Rc8 34.
Rd6 Qe8 35. Nf5 Ra7 36. Nxh6+ gxh6 37. Rxf6 Kg7 38. Qd2 1-0

[Event "Saint Louis Masters 2026"]
[Site "Saint Louis USA"]
[Date "2026.02.28"]
[Round "8.24"]
[White "Gazik, Viktor"]
[Black "Atwell, Rose"]
[Result "1/2-1/2"]
[WhiteTitle "GM"]
[BlackTitle "FM"]
[WhiteElo "2537"]
[BlackElo "2337"]
[WhiteFideId "14928752"]
[BlackFideId "30951011"]
[EventDate "2026.02.25"]

1. e4 e6 2. d4 d5 3. Nc3 Nf6 4. e5 Nfd7 5. Nce2 c5 6. c3 Nc6 7. Nf3 Be7 8. a3
O-O 9. Nf4 Qa5 10. Ra2 Nxd4 11. Nxd4 cxd4 12. b4 Qb6 13. cxd4 a5 14. b5 f6 15.
exf6 Nxf6 16. Bd3 Ne4 17. Be3 Bg5 18. g3 Bxf4 19. Bxf4 Qxd4 20. O-O Qf6 21. Bxe4
dxe4 22. Qb3 a4 23. Qc4 Bd7 24. Rd2 Rfc8 25. Qb4 Be8 26. Rd6 Qf5 27. Rb6 e5 28.
Be3 Rc7 29. Re1 Bh5 30. Qd6 Rd7 31. Qe6+ Qxe6 32. Rxe6 Re8 33. Rxe8+ Bxe8 34.
Rc1 Rd5 35. Rc5 Rxc5 36. Bxc5 Bxb5 37. Bd6 1/2-1/2

[Event "Saint Louis Masters 2026"]
[Site "Saint Louis USA"]
[Date "2026.02.28"]
[Round "8.25"]
[White "Heimann, Mark"]
[Black "Narayanan, Samrug"]
[Result "0-1"]
[WhiteTitle "GM"]
[BlackTitle "IM"]
[WhiteElo "2511"]
[BlackElo "2438"]
[WhiteFideId "2028441"]
[BlackFideId "30914051"]
[EventDate "2026.02.25"]

1. e4 e5 2. Nf3 Nc6 3. d4 exd4 4. Nxd4 Nf6 5. Nxc6 bxc6 6. Qe2 Qe7 7. Nc3 d5 8.
Bg5 d4 9. Nb1 Qxe4 10. Bxf6 Qxe2+ 11. Bxe2 gxf6 12. Nd2 Rb8 13. O-O-O Be6 14.
Kb1 c5 15. Rhe1 Bd6 16. g3 O-O 17. Bc4 Rfe8 18. Re2 Bg4 19. f3 Rxe2 20. Bxe2 Bd7
21. Re1 Re8 22. Kc1 f5 23. f4 Kg7 24. Kd1 Rb8 25. b3 Kf6 26. Bc4 Bc6 27. Ke2 h5
28. Kf2 h4 29. Bf1 hxg3+ 30. hxg3 Rh8 31. Bg2 Bb5 32. Rh1 Re8 33. Re1 Rh8 34.
Rh1 Re8 35. Re1 Rb8 36. Bf1 Bc6 37. Bg2 Bd7 38. Bd5 Bb5 39. Rh1 Re8 40. Nc4 Kg6
41. Re1 Rh8 42. Kg2 Rd8 43. a4 Ba6 44. Na5 Kf6 45. Bb7 Bxb7+ 46. Nxb7 Rg8 47.
Kf3 c4 48. bxc4 Rb8 49. Rb1 Bf8 50. Rb3 Re8 51. Kf2 Re6 52. Rb5 Rc6 53. Na5 Ra6
54. Nb3 Rxa4 55. Nxd4 c5 56. Nc6 Rxc4 57. Rb2 Ke6 58. Nxa7 Bg7 59. Ra2 Rb4 60.
Nc6 Rb6 61. Ne5 Bxe5 62. fxe5 Kxe5 63. Ke3 Rg6 64. Kf3 Rg4 65. Ra3 Rc4 66. Re3+
Re4 67. Rc3 c4 68. Ra3 Kd4 69. Ra5 Re3+ 70. Kf2 Rc3 71. Rxf5 Rxc2+ 72. Ke1 Rg2
73. Rxf7 Kc3 74. Rg7 Kc2 75. g4 c3 76. Kf1 Rh2 77. Rc7 Kd3 78. Rd7+ Ke4 79. Re7+
Kf3 80. Rf7+ Kxg4 81. Ke1 c2 82. Rc7 Kf4 83. Rc8 Ke4 84. Rc3 Kd4 85. Rc8 Kd3 86.
Rd8+ Kc3 87. Rc8+ Kb2 88. Rb8+ Kc1 89. Re8 Rh3 90. Rb8 Re3+ 91. Kf2 Kd2 0-1

[Event "Saint Louis Masters 2026"]
[Site "Saint Louis USA"]
[Date "2026.02.28"]
[Round "8.26"]
[White "Ostrovskiy, Aleksandr"]
[Black "Repka, Christopher"]
[Result "1/2-1/2"]
[WhiteTitle "IM"]
[BlackTitle "GM"]
[WhiteElo "2367"]
[BlackElo "2495"]
[WhiteFideId "2034239"]
[BlackFideId "14918781"]
[EventDate "2026.02.25"]

1. e4 e5 2. Nf3 Nc6 3. Bb5 a6 4. Ba4 Nf6 5. O-O d6 6. c4 Nxe4 7. d4 Bd7 8. Qe2
Nf6 9. Bxc6 Bxc6 10. dxe5 Qe7 11. Re1 dxe5 12. Nxe5 O-O-O 13. Nc3 Qe6 14. Nxc6
Qxc6 15. Bg5 Bb4 16. Nd5 Nxd5 17. Bxd8 Bxe1 18. cxd5 Qxd5 19. Bxc7 Bxf2+ 20.
Qxf2 Kxc7 21. Qg3+ Kb6 22. Qxg7 Rc8 23. Qf6+ Rc6 24. Qf2+ Qc5 25. Re1 Rd6 26.
Qxc5+ Kxc5 27. Re7 Rd1+ 28. Kf2 Rd2+ 29. Kf3 Rxb2 30. Rxf7 b5 31. Rxh7 Rxa2 32.
h4 Ra3+ 33. Kf4 b4 34. Rb7 b3 35. h5 Ra4+ 36. Kg3 Rb4 37. Rxb4 Kxb4 38. h6 b2
39. h7 b1=Q 40. h8=Q Qd3+ 41. Kf2 Qd2+ 42. Kf3 a5 43. Qb8+ Ka3 44. g4 a4 45.
Qf8+ Kb2 46. Qf6+ Kb1 47. Qb6+ Ka2 48. Qf2 Qxf2+ 1/2-1/2

[Event "Saint Louis Masters 2026"]
[Site "Saint Louis USA"]
[Date "2026.02.28"]
[Round "8.27"]
[White "Bok, Benjamin"]
[Black "Yu, Jennifer"]
[Result "1-0"]
[WhiteTitle "GM"]
[BlackTitle "FM"]
[WhiteElo "2592"]
[BlackElo "2309"]
[WhiteFideId "1017063"]
[BlackFideId "2078341"]
[EventDate "2026.02.25"]

1. e4 e5 2. Nf3 Nc6 3. Bc4 Nf6 4. d3 h6 5. c3 d6 6. O-O g5 7. a4 a5 8. Qb3 Qe7
9. Nbd2 Bg7 10. Re1 Nd7 11. Nf1 g4 12. N3d2 Nc5 13. Qd1 h5 14. Ne3 Be6 15. Bb5
Kf8 16. Ndf1 Qf6 17. Bc4 Bxc4 18. Nxc4 Ne7 19. Nxa5 Nxe4 20. dxe4 Rxa5 21. Qb3
b6 22. Qc4 Ra7 23. a5 Qe6 24. Qxe6 fxe6 25. b4 bxa5 26. Be3 Ra8 27. Ra4 Ke8 28.
Rea1 Kd7 29. Rxa5 Rab8 30. b5 Rb7 31. c4 Rhb8 32. Ra8 d5 33. R8a4 Nc8 34. Ng3 h4
35. Nh5 Bh8 36. exd5 exd5 37. cxd5 Rxb5 38. Kf1 Rxd5 39. Rxg4 e4 40. Ng7 Nd6 41.
Rc1 c6 42. h3 Rg8 43. Nh5 Rxg4 44. hxg4 Bb2 45. Rc2 Be5 46. Ke2 Nb5 47. Rd2 Nc3+
48. Ke1 Nb5 49. Bg5 1-0

[Event "Saint Louis Masters 2026"]
[Site "Saint Louis USA"]
[Date "2026.02.28"]
[Round "8.28"]
[White "Kiolbasa, Oliwia"]
[Black "Boyer, Mahel"]
[Result "0-1"]
[WhiteTitle "IM"]
[BlackTitle "GM"]
[WhiteElo "2397"]
[BlackElo "2486"]
[WhiteFideId "1154613"]
[BlackFideId "45102422"]
[EventDate "2026.02.25"]

1. e4 Nc6 2. Nf3 d6 3. d4 Nf6 4. Nc3 e6 5. Be2 Be7 6. O-O O-O 7. Re1 a6 8. Bf1
b5 9. d5 Ne5 10. Nxe5 dxe5 11. dxe6 Bxe6 12. Bg5 c6 13. Qf3 Nd7 14. Bxe7 Qxe7
15. a4 g6 16. Nd1 Nc5 17. axb5 axb5 18. Ne3 Rfd8 19. g3 h5 20. h4 Kg7 21. Bg2
Ra4 22. Rxa4 Nxa4 23. b3 Qb4 24. Rd1 Rxd1+ 25. Qxd1 Nc3 26. Qa1 Qd4 27. Qa8 Qd2
28. Qa1 b4 29. Bf3 Qd4 30. Kg2 Bg4 31. Nxg4 hxg4 32. Bxg4 Qxe4+ 33. Bf3 Qxc2 34.
Bxc6 Qxb3 35. Bf3 Qc4 36. h5 e4 37. Bg4 e3 38. Bf3 e2 39. hxg6 Kxg6 40. Qh1 Qb5
41. Qc1 Qe5 0-1

[Event "Saint Louis Masters 2026"]
[Site "Saint Louis USA"]
[Date "2026.02.28"]
[Round "8.29"]
[White "Rosen, Eric"]
[Black "Kuru, Atilla"]
[Result "1/2-1/2"]
[WhiteTitle "IM"]
[BlackTitle "IM"]
[WhiteElo "2377"]
[BlackElo "2450"]
[WhiteFideId "2032562"]
[BlackFideId "51607948"]
[EventDate "2026.02.25"]

1. d4 d5 2. Bf4 Nf6 3. Nf3 c5 4. e3 Nc6 5. Nbd2 Nh5 6. Be5 e6 7. Bb5 Bd7 8. c4
cxd4 9. exd4 a6 10. Bxc6 Bxc6 11. c5 a5 12. O-O Be7 13. Re1 O-O 14. Rc1 a4 15.
Qc2 Qa5 16. Re3 Rfc8 17. g4 Nf6 18. Ng5 h6 19. Bxf6 Bxf6 20. Qh7+ Kf8 21. Ngf3
Ke7 22. Nf1 Rh8 23. Qc2 Qc7 24. Ng3 Qf4 25. h3 h5 26. Qd2 Kd7 27. gxh5 Rag8 28.
Kg2 g5 29. Rd1 g4 30. hxg4 Qxg4 31. Rh1 Rxh5 32. Rxh5 Qxh5 33. b4 Bb5 34. Re1
Qg4 35. Rh1 Qe4 36. Re1 Qf5 37. Re3 Qg4 38. Qd1 Kc8 39. Re1 Rh8 40. Rh1 Rxh1 41.
Kxh1 Bh4 42. Kg2 Bxg3 43. fxg3 Qe4 44. Kf2 a3 45. Ne5 f6 46. Nf7 Qf5+ 47. Kg1
Kd7 48. Nd6 Qd3 49. Qxd3 Bxd3 50. Nxb7 e5 51. Nd6 Kc6 52. dxe5 fxe5 53. Nf7 Bb1
54. Nxe5+ Kb5 55. Nf3 Kxb4 56. c6 Kc5 57. c7 Bf5 58. Kf2 Kb6 59. Nd4 Bd7 60. Nc2
Kxc7 61. Nxa3 Kd6 62. Nc2 Kc5 63. Ke3 Kc4 64. Nd4 Kc3 65. Ne2+ Kc4 66. Nd4 Kc3
67. Nf3 Bg4 68. Ne5 d4+ 69. Ke4 Bh5 70. a4 d3 71. Nxd3 Bg6+ 72. Kd5 Bxd3 73. Kc5
Be2 74. a5 Kd3 75. a6 Ke3 76. Kd6 Bxa6 77. g4 Kf4 78. g5 Kxg5 1/2-1/2

[Event "Saint Louis Masters 2026"]
[Site "Saint Louis USA"]
[Date "2026.02.28"]
[Round "8.30"]
[White "Rorrer, Grayson"]
[Black "Antova, Gabriela"]
[Result "1-0"]
[WhiteTitle "IM"]
[BlackTitle "FM"]
[WhiteElo "2415"]
[BlackElo "2168"]
[WhiteFideId "30944996"]
[BlackFideId "2915235"]
[EventDate "2026.02.25"]

1. e4 e5 2. Nf3 Nc6 3. Bb5 a6 4. Ba4 Nge7 5. c3 Ng6 6. d4 exd4 7. Nxd4 Be7 8.
O-O O-O 9. f4 b5 10. Bc2 Bb7 11. Be3 Re8 12. Nd2 Bf8 13. Qg4 Na5 14. Rae1 d5 15.
e5 Bc8 16. Qh5 f6 17. Bxg6 hxg6 18. Qxg6 c5 19. exf6 Qxf6 20. Qxe8 cxd4 21. Bxd4
Qf7 22. Bc5 Bb7 23. Qxf7+ Kxf7 24. Bxf8 Rxf8 25. Re5 1-0

[Event "Saint Louis Masters 2026"]
[Site "Saint Louis USA"]
[Date "2026.02.28"]
[Round "8.31"]
[White "Caglar, Sila"]
[Black "Abrahamyan, Tatev"]
[Result "1/2-1/2"]
[WhiteTitle "WIM"]
[BlackTitle "IM"]
[WhiteElo "2215"]
[BlackElo "2378"]
[WhiteFideId "6364063"]
[BlackFideId "13301918"]
[EventDate "2026.02.25"]

1. e4 e6 2. d4 d5 3. Nc3 Bb4 4. exd5 exd5 5. Bd3 Nf6 6. a3 Be7 7. h3 O-O 8. Nf3
Nbd7 9. O-O Re8 10. Bf4 c6 11. Qd2 Nf8 12. Rfe1 Be6 13. Re2 a6 14. Be5 b6 15.
Ng5 c5 16. Nxe6 fxe6 17. b3 N6d7 18. f4 Nxe5 19. dxe5 b5 20. Ree1 c4 21. Bf1 b4
22. Na4 cxb3 23. axb4 bxc2 24. Kh2 a5 25. bxa5 Qxa5 26. Qxc2 Qb4 27. g3 Ra5 28.
Reb1 Qd4 29. Ra2 Rea8 30. Rba1 Bb4 31. Bd3 Qe3 32. Qe2 Qxe2+ 33. Bxe2 Nd7 34.
Bd1 Nc5 35. Kg2 Ne4 36. Bc2 Nd2 37. Bd1 Nc4 38. Bb3 g5 39. fxg5 Nxe5 40. Nb6
Rxa2+ 41. Rxa2 Rb8 42. Nxd5 exd5 43. Bxd5+ Kh8 44. Ra8 Rxa8 45. Bxa8 Be1 46. Be4
Kg7 47. h4 Nc4 48. Bd3 Ne5 49. Be4 Bb4 50. Bf5 Bd6 51. Kh3 Nc4 52. Be4 Nd2 53.
Bd3 Nf3 54. Be4 Ng1+ 55. Kg4 Ne2 56. h5 Nxg3 57. h6+ Kh8 58. Bd3 Nh1 59. Kf3 Bc5
60. Bf5 Nf2 61. Bc2 Bb6 62. Kg3 Ba7 63. Kf3 Nh3 64. Kg4 Nf2+ 65. Kf3 Bc5 66. Kg3 1/2-1/2

[Event "Saint Louis Masters 2026"]
[Site "Saint Louis USA"]
[Date "2026.02.28"]
[Round "8.32"]
[White "Kavutskiy, Kostya"]
[Black "Gueci, Tea"]
[Result "1-0"]
[WhiteTitle "IM"]
[BlackTitle "WIM"]
[WhiteElo "2330"]
[BlackElo "2138"]
[WhiteFideId "2026384"]
[BlackFideId "872342"]
[EventDate "2026.02.25"]

1. d4 d5 2. c4 e6 3. Nc3 Nf6 4. cxd5 exd5 5. Bg5 c6 6. e3 Be7 7. Bd3 O-O 8. Nge2
Nbd7 9. O-O Re8 10. a4 a5 11. f3 Nf8 12. Bh4 Ne6 13. Qc2 g6 14. Rad1 Ng7 15. e4
dxe4 16. fxe4 Ng4 17. Bxe7 Qxe7 18. Qd2 f5 19. e5 Qh4 20. h3 Nh6 21. Nf4 g5 22.
Bc4+ Kh8 23. Nfe2 Bd7 24. Kh1 Rad8 25. Ng1 f4 26. Nf3 Qh5 27. Ne4 Ngf5 28. Nfxg5
Ne3 29. e6 Bc8 30. d5 Qg6 31. Rxf4 Nxd5 32. Bxd5 Rxd5 33. Qc3+ Qg7 34. Rxd5 cxd5
35. Nd6 d4 36. Qxd4 Qxd4 37. Rxd4 Rg8 38. Nxc8 Rxc8 39. e7 Ng8 40. Rd8 1-0

[Event "Saint Louis Masters 2026"]
[Site "Saint Louis USA"]
[Date "2026.02.28"]
[Round "8.33"]
[White "Cervantes Landeiro, Thalia"]
[Black "Apaar Saxena"]
[Result "1/2-1/2"]
[WhiteTitle "FM"]
[BlackTitle "FM"]
[WhiteElo "2247"]
[BlackElo "2263"]
[WhiteFideId "3520498"]
[BlackFideId "25937219"]
[EventDate "2026.02.25"]

1. d4 d5 2. Nf3 Nf6 3. Bf4 c5 4. e3 Nc6 5. Nbd2 Qb6 6. dxc5 Qxb2 7. Rb1 Qc3 8.
Bb5 g6 9. O-O Bg7 10. Nb3 O-O 11. Bxc6 bxc6 12. Be5 Qc4 13. Nfd4 Qa4 14. Ne2 Ba6
15. Re1 Bc4 16. Nc3 Qa3 17. Qd4 Nh5 18. Bxg7 Nxg7 19. Nd2 Ba6 20. Rb3 Qa5 21.
Qb4 Qxb4 22. Rxb4 e5 23. Ra4 Bc8 24. Rb1 Ne6 25. Ra5 f6 26. e4 d4 27. Na4 Nc7
28. f3 Ba6 29. Rb3 Bb5 30. Nb2 Rfb8 31. g4 Ne6 32. a4 Nxc5 33. axb5 Nxb3 34.
cxb3 cxb5 35. Nd3 Rc8 36. Kf2 Rc3 37. Nb4 Rc5 38. Ke2 a6 39. Nd5 Kf7 40. Kd1 Ke6
41. b4 Rxd5 42. exd5+ Kxd5 43. Ke2 f5 44. gxf5 gxf5 45. Kd3 Re8 46. Rxa6 e4+ 47.
fxe4+ fxe4+ 48. Ke2 Rg8 49. Rh6 Rg2+ 50. Ke1 d3 51. Rh5+ Kd4 52. Rh4 Kc3 53.
Nxe4+ Kc2 54. Kf1 d2 55. Nxd2 Rxd2 1/2-1/2